| 000 | 00849nam a22002297a 4500 | ||
|---|---|---|---|
| 003 | OSt | ||
| 005 | 20251202100134.0 | ||
| 008 | 251202b |||||||| |||| 00| 0 eng d | ||
| 020 | _a1-4129-0498-6 | ||
| 040 |
_aDWC-Main lib _cOC |
||
| 082 | _aCirc. 371.94 M997 2005 | ||
| 100 | _aMyles, B. | ||
| 245 |
_aChildren and youth with Asperger syndrome : _b strategies for success in inclusive settings _cMyles, Brenda S. |
||
| 260 |
_aCalifornia : _bCorwin Press, _c c2005. |
||
| 300 |
_axxv, 170 pages : _c25 cm. |
||
| 504 | _aIncludes bibliographical references and index | ||
| 650 | _2Asperger's syndrome--Patients--Education. | ||
| 650 | _2Autistic children--Education. | ||
| 650 | _2Autistic youth--Education. | ||
| 650 | _2Inclusive education. | ||
| 942 |
_2ddc _cBK-CIRC _hCirc. 371.94 M997 2005 _kCirc. _n0 |
||
| 999 |
_c6699 _d6699 |
||